| Tag |
First Indicator |
Second Indicator |
Subfields |
| LEADER |
00000cam a2200000 4500 |
| 001 |
in00000030652 |
| 005 |
20151007062955.0 |
| 008 |
720713s1950 nju b 00000 eng u |
| 010 |
|
|
|a 50009325
|
| 035 |
|
|
|a (OCoLC)00355391
|
| 035 |
|
|
|9 AAD6234AM
|
| 040 |
|
|
|c WSU
|d TXA
|d UtOrBLW
|
| 049 |
|
|
|a TXAM
|c [181784]
|
| 050 |
|
0 |
|a PR2976
|b .W3
|
| 092 |
|
|
|a 822.33
|b DW3358
|
| 100 |
1 |
|
|a Watkins, W. B. C.
|q (Walter Barker Critz),
|d 1907-1957.
|
| 245 |
1 |
0 |
|a Shakespeare & Spenser.
|
| 264 |
|
1 |
|a Princeton :
|b Princeton University Press,
|c 1950.
|
| 300 |
|
|
|a ix, 339 pages ;
|c 25 cm.
|
| 336 |
|
|
|a text
|b txt
|2 rdacontent
|
| 337 |
|
|
|a unmediated
|b n
|2 rdamedia
|
| 338 |
|
|
|a volume
|b nc
|2 rdacarrier
|
| 504 |
|
|
|a "References and comments": pages 310-330.
|
| 600 |
1 |
0 |
|a Shakespeare, William,
|d 1564-1616
|x Criticism and interpretation.
|
| 600 |
1 |
0 |
|a Spenser, Edmund,
|d 1552?-1599.
|
| 999 |
|
|
|a MARS
|
| 999 |
f |
f |
|s cfe40ab4-d422-3d11-821b-7a18efaf0c53
|i d0d34832-6f23-3869-ac2c-31651871cc2c
|t 0
|
| 952 |
f |
f |
|p ric
|a Texas A&M University
|b Rellis Campus
|c Joint Library Facility
|d Remote Storage
|t 0
|e PR2976 .W3
|h Library of Congress classification
|i unmediated -- volume
|m A14801307185
|
| 998 |
f |
f |
|a PR2976 .W3
|t 0
|l Remote Storage
|